000
00335 a2200157 4500
001
185954
020
_a
84-207-4303-8
040
_c
Magnum
100
_a
T. Alquier
240
1
0
_a
¡Vaya inundacion!
_l
por
245
1
0
_a
¡Vaya inundacion!
300
_a
362
0
_a
1991
697
_a
LITERATURA INFANTIL ESPANHOLA
942
_c
BK
999
_c
185954
_d
185954